Special final report-some key findings, future issues and interventions for the Lao coffee industry / (Record no. 16126)
[ view plain ]
| 000 -LEADER | |
|---|---|
| fixed length control field | 00428nam a22001217a 4500 |
| 040 ## - CATALOGING SOURCE | |
| Transcribing agency | DLC |
| 082 ## - DEWEY DECIMAL CLASSIFICATION NUMBER | |
| Classification number | 885 FAO 2006 A097 Or. |
| 245 00 - TITLE STATEMENT | |
| Title | Special final report-some key findings, future issues and interventions for the Lao coffee industry / |
| 260 ## - PUBLICATION, DISTRIBUTION, ETC. (IMPRINT) | |
| Place of publication | Bangkok, Thailand : |
| Name of publisher | FAO Regional Office for Asia and the Pacific, |
| Year of publication | 2006. |
| 300 ## - PHYSICAL DESCRIPTION | |
| Number of Pages | 52 p. : |
| Other physical details | col. ill., col. maps ; |
| Dimensions | 30 cm. |
| 700 1# - ADDED ENTRY--PERSONAL NAME | |
| Personal name | Marsh, Anthony. |
| 942 ## - ADDED ENTRY ELEMENTS (KOHA) | |
| Koha item type | សៀវភៅភាសាអង់គ្លេស |
| 952 ## - LOCATION AND ITEM INFORMATION (KOHA) | |
| Withdrawn status [LOCAL, KOHA] | 0 |
| Permanent Location | Date acquired | Koha item type | Lost status | Shelving location | Barcode | Current Location | Full call number |
|---|---|---|---|---|---|---|---|
| Library Block A | 2018-01-12 | សៀវភៅភាសាអង់គ្លេស | A097 | RUA059921 | Library Block A | 885 FAO 2006 A097 Or. |